Final Report on Examination of Laws 1973 (Record no. 299509)
[ view plain ]
| 000 -LEADER | |
|---|---|
| fixed length control field | 00283 a2200109 4500 |
| 001 - CONTROL NUMBER | |
| control field | 64436 |
| 082 ## - DEWEY DECIMAL CLASSIFICATION NUMBER | |
| Classification number | 344.07802642 CII |
| 090 ## - LOCALLY ASSIGNED LC-TYPE CALL NUMBER (OCLC); LOCAL CALL NUMBER (RLIN) | |
| -- | 38062 |
| -- | 38062 |
| 100 ## - MAIN ENTRY--PERSONAL NAME | |
| Personal name | Council of Islamic Ideology |
| 245 ## - TITLE STATEMENT | |
| Title | Final Report on Examination of Laws 1973 |
| 260 ## - PUBLICATION, DISTRIBUTION, ETC. | |
| Place of publication, distribution, etc. | Islamabad |
| Name of publisher, distributor, etc. | C.I.I |
| 942 ## - ADDED ENTRY ELEMENTS (KOHA) | |
| Institution code [OBSOLETE] | NUST-CAE |
| Call number prefix | 344.07802642 CII |
| Withdrawn status | Lost status | Damaged status | Not for loan | Collection code | Permanent Location | Current Location | Date acquired | Total Checkouts | Full call number | Barcode | Date last seen | Price effective from | Koha item type |
|---|---|---|---|---|---|---|---|---|---|---|---|---|---|
| College of Aeronautical Engineering (CAE) | College of Aeronautical Engineering (CAE) | 04/03/2017 | 344.07802642 CII | CAEG-5215 | 04/05/2017 | 04/05/2017 | Book |
